Geo #10: 22 Asia - Statistics

General Stats
  • This quiz has been taken 2,226 times
    861 since last reset
  • The average score is 17 of 22
Answers on the Map
Answers color-coded by a green-red scale on the quiz's map according to % correct below.
 
Answer Stats
Answer % Correct
Japan
90%
India
87%
Kazakhstan
87%
Indonesia
85%
Mongolia
85%
Saudi Arabia
82%
Lebanon
79%
Philippines
79%
Qatar
79%
Thailand
79%
Turkey
79%
Nepal
77%
United Arab Emirates
77%
Iran
74%
Vietnam
74%
Iraq
72%
Myanmar
72%
Syria
69%
Bhutan
67%
Tajikistan
67%
Georgia
64%
Armenia
62%
No matching quizzes found
Score Distribution
Percent of People with Each Score
Percentile by Number Answered
Your Score History
You have not taken this quiz since the last reset